000 00750nam0a22002531 4500
001 rc\752191
005 20250622120937.0
035 _a(NLR Aleph) 006280550
090 _a7044882
_c7044882
100 _a20040301d1985 |||y0rusy50 ca
101 0 _arus
102 _aRU
105 _aa |||||||||
200 1 _aТы выбираешь профессию
205 _a2-е изд., дораб. и доп.
210 _aМ.
_cМол. гвардия
_d1985
215 _a175 с.
_cил.
_d17
300 _aЗагл. 1-го изд.: Статегия выбора
700 1 _aГазарян
_bС.С.
_gСпартак Суренович
801 0 _aRU
_bNLR
_gpsbo
801 1 _aRU
_bELAR
_2rusmarc
852 _aNLR
_j86-2/123
942 _cBOOK
980 _aNB